000 00475nam a22001817a 4500
005 20250903111455.0
008 250903b |||||||| |||| 00| 0 eng d
037 _cREF
040 _aCRL
_cCRL
041 _2ENG
_aENG
084 _aTmaN7 K3
_qCRL
245 _aEducational Periodicals
260 _c1963
650 _2EDUCATION
760 _bInternational directories of education,3
942 _2CC
_cREF
_hTmaN7 K3
_n0
999 _c1435097
_d1435097